02038nab a22002657a 4500999001500000003000400015005001700019008004100036040000700077100003200084245007500116260004200191300001200233500003700245505107500282505008901357650002601446650003001472650003701502650001701539650003501556650004201591773012601633942001301759 c6388d6388OSt20260201161315.0190506c xxu||||| |||| 00| 0 spa d cPJ 97028aBesse, Maricel Mabel 13aLa prueba electrónica en el proceso laboral /cMaricel Mabel Besse.  aBuenos Aires :bAbeledoPerrot,c2023. ap. 7-19 aCita: TR LALEY AR/DOC/1831/2023  aSumario: I. Introducción.— II. ¿A qué nos referimos con prueba electrónica?— III. Herramientas de prueba en la ley 11.653.— IV. La investigación forense del perito informático.— V. La investigación forense del abogado.— VI. Sistemas vigentes para validar archivos en el proceso.— VII. Procedimiento para validar correos electrónicos.— VIII. Procedimiento para validar mensajes de texto.— IX. Presunciones.— X. ¿Cómo se configura la presunción en un documento electrónico?— XI. Estrategia procesal.— XII. Agregación y ofrecimiento de los medios de prueba.— XIII. Particularidades de algunos tipos de prueba digital.— XIV. Incidencia de la prueba electrónica dentro de un conflicto laboral.— XV. Facultades del empleador y su uso de las herramientas tecnológicas.— XVI. Uso de dispositivos de video-vigilancia en el lugar de trabajo.— XVII. Grabaciones reproducidas por los trabajadores en redes sociales.— XVIII. Rastreo de los trabajadores por geolocalización.— XIX. Conclusión.— XX. Bibliografía.  t¿Te interesa el texto completo? Comunicate al correo: koha@justierradelfuego.gov.ar 091316aDERECHO LABORAL 091323aCONTRATO DE TRABAJO 091383aLEY DE CONTRATO DE TRABAJO 091975aPRUEBA 091977aAPRECIACION DE LA PRUEBA 093404aMEDIOS DE PRUEBA ELECTRÓNICOS0 0275193202dBuenos Aires : AbeledoPerrot, 2013-tRevista de derecho laboral y seguridad social. Nº 18 - Septiembre 2023 2udccANA